00597nam a2200169Ia 4500008004100000041001200041082001600053100001700069245007600086260003400162300000800196650001200204700001800216942000700234999001500241952017100256221030s9999 xx 000 0 und d aEnglish a105.23bDug aB. D. Duggal 0aFundamentals of Electricity & Magnetismcby B. D. Duggal, C. L. Chhabra bShoban Lal NaginaDelhic2001 a470 aPhysics aC. L. Chhabra cBK c7010d7010 pBE 3019g75.00l0o105.23 Dugr2024-06-13 00:00:00w2022-10-30yBK003Print4070aMIETLIBbMIETLIBcBL-Academic Block - C, FL-2, CUP-7, SH-5, R-5d2001-03-1410HBE